Normal view
MARC view
- Blum, Daniel J
Entry Personal Name
001 - CONTROL NUMBER
- control field: 107517
003 - CONTROL NUMBER IDENTIFIER
- control field: NUST
005 - DATE AND TIME OF LATEST TRANSACTION
- control field: 20230124103040.0
008 - FIXED-LENGTH DATA ELEMENTS
- fixed length control field: 230124|| aca||aabn | a|a d
040 ## - CATALOGING SOURCE
- Original cataloging agency: NUST
- Transcribing agency: NUST
100 ## - HEADING--PERSONAL NAME
- Personal name: Blum, Daniel J
670 ## - SOURCE DATA FOUND
- Source citation: Work cat.: (NUST)175201: Blum, Daniel J., The e-mail frontier : , c1995
